[Event "17th Delhi GM Open 2019"]
[Site "Delhi"]
[Date "2019.01.11"]
[Round "4"]
[White "Vignesh N R"]
[Black "Jay Kundaliya"]
[Result "1-0"]
[WhiteElo "2461"]
[BlackElo "2054"]
[Annotator "TA"]
[PlyCount "79"]
[EventDate "2019.01.09"]
[EventType "swiss"]
[EventCountry "IND"]
[SourceTitle "playchess.com"]
[Source "ChessBase"]
[SourceQuality "1"]

{[%evp 21,79,28,29,21,28,28,31,28,49,47,42,42,47,43,44,42,56,56,62,1,56,0,62,0,52,0,52,0,1,1,1,1,4,2,2,2,2,0,25,0,74,74,74,74,74,20,161,-13,161,161,267,270,329,331,29984,29985,29997,29998,29998,29999]} 1. e4 c6 2. d4 d5 3. Nd2 dxe4 4. Nxe4 Nd7 5. c3 Ngf6 6. Nxf6+ Nxf6 7. Bc4 Qc7 8. Qf3 Bg4 {B17: Caro-Kann: Modern Line (4...Nd7)} (8... e6 9. Bf4 Bd6 10. Ne2 O-O 11. Bxd6 Qxd6 12. Qf4 Qe7 13. O-O-O b5 14. Bd3 Bb7 15. Qh4 Rae8 16. Ng3 {1-0 (46) Guseinov,G (2647)-Fedoseev,V (2733) Antalya 2017}) 9. Qg3 Qxg3 10. hxg3 {[%cal Bh2g3,Bg3g4,Bg4g5][%mdl 32]} e6 11. f3 Bf5 {LiveBook: 8 Games} 12. Ne2 Bd6 13. g4 Bg6 14. Bf4 Bxf4 $146 ({Predecessor:} 14... Ke7 15. Bxd6+ Kxd6 16. Nf4 {½-½ (28) Zivkovic,V (2358)-Tica,S (2389) Mali Losinj 2017}) 15. Nxf4 Ke7 16. g5 Nd5 17. Bxd5 cxd5 18. Kd2 a5 19. a4 Rhb8 20. Ke3 (20. Ra3 $14) 20... Rh8 ({Black should try} 20... b5 $11) 21. Kd2 Rhb8 $1 22. Ke3 Rh8 23. Kd2 Rhb8 24. Ke3 (24. Ra3 $14) 24... b5 25. axb5 Rxb5 26. Ra2 Rab8 27. Rha1 Rxb2 28. Rxa5 R8b7 29. Rc5 Rc2 30. Ra8 Kd6 (30... h6 $1 $11 {keeps the balance.}) 31. Rd8+ $16 Ke7 32. Rg8 Ra7 33. Rcc8 (33. Rxg7 $16 Kd6 34. Rc8) 33... Ra3 (33... Kd7 $1 $11 {and Black is okay.}) 34. Rc7+ $18 (34. Rxg7 Rcxc3+ 35. Rxc3 Rxc3+ 36. Kd2 Rc2+ 37. Kd1 Rc4 $17) 34... Kd6 35. Rgc8 Ra6 (35... Bf5 $142 36. Rc6+ (36. Rxf7 Rcxc3+ 37. Rxc3 Rxc3+ 38. Kf2 Rc2+ 39. Ke3 Rc3+ 40. Kd2 Rc2+ 41. Ke3 Rc3+ $11) 36... Ke7) 36. Nxg6 hxg6 37. Rxf7 Rxg2 $2 {[#]} (37... Ra3 $18 38. Kd3 (38. Rxg7 Rcxc3+ 39. Rxc3 Rxc3+ 40. Kf4 Rd3 $16) 38... Raa2) 38. Rcc7 {[%csl Gc7][%cal Rf7d7] White mates.} e5 39. Rfd7+ Ke6 40. Re7+ {Accuracy: White = 54%, Black = 49%.} 1-0

[Event "17th Delhi GM Open 2019"]
[Site "Delhi"]
[Date "2019.01.11"]
[Round "4"]
[White "Khusenkhojaev, Muhammad"]
[Black "Erigaisi Arjun"]
[Result "1/2-1/2"]
[WhiteElo "2455"]
[BlackElo "2548"]
[Annotator "TA"]
[PlyCount "111"]
[EventDate "2019.01.09"]
[EventType "swiss"]
[EventCountry "IND"]
[SourceTitle "playchess.com"]
[Source "ChessBase"]
[SourceQuality "1"]

{[%evp 16,111,-6,-18,16,12,30,16,34,22,16,20,27,15,46,0,6,-7,37,46,112,50,46,47,53,48,48,31,33,38,99,62,68,60,70,71,101,88,112,131,114,60,60,64,68,75,67,71,110,108,124,132,101,30,43,33,45,16,16,15,13,14,18,20,40,40,48,51,50,51,52,56,51,67,93,82,81,62,59,8,8,8,8,8,8,8,8,8,8,8,8,8,8,8,8,8,8,8]} 1. d4 Nf6 2. c4 e6 3. Nc3 Bb4 4. Qc2 O-O 5. a3 Bxc3+ 6. Qxc3 b6 7. Nf3 Bb7 8. g3 d5 9. Bg2 {LiveBook: 44 Games. E32: Nimzo-Indian: Classical (4 Qc2): 4...0-0} a5 (9... dxc4 10. Qxc4 Bd5 11. Qd3 Be4 12. Qd1 Nc6 13. O-O Qd5 14. Be3 Rad8 15. Qc1 Rd7 16. b4 Nxd4 17. Bxd4 Bxf3 18. Bxf6 Bxg2 {0-1 (63) Koneru,H (2618)-Hou,Y (2578) China 2008}) 10. O-O Nbd7 11. Rd1 $146 {White has an edge.} ({Predecessor:} 11. Nd2 c5 12. e3 Qc7 13. b3 Rac8 {½-½ (57) Mohammezadeh,P-Kroell,S Pinneberg 1994}) 11... a4 12. cxd5 Bxd5 13. Bf4 Ra7 14. Rac1 {[%cal Rf4c7]} Qa8 15. Ne1 {[%cal Bf3e1,Be1g2,Bg2f4][%mdl 32]} c5 16. dxc5 Nxc5 17. Be5 $36 {[%mdl 2048] Black is under pressure.} Nb3 (17... Ncd7 $14) 18. Rc2 (18. Bxf6 $16 Nxc1 19. Qxc1 gxf6 20. Bxd5 exd5 21. Ng2) 18... Bxg2 $14 19. Bxf6 gxf6 20. Nxg2 Rd8 21. Rxd8+ Qxd8 22. Nf4 Rd7 (22... Ra5 $14 23. Qc8 Qxc8 24. Rxc8+ Kg7) 23. Qe3 Rd1+ 24. Kg2 Nc5 ({But not} 24... e5 $2 25. Nh5 $18) 25. Rc4 h6 26. Rb4 Kh7 ({Avoid the trap} 26... e5 $2 27. Nh5 $18) 27. Qc3 Rd2 {[#]} 28. Rxb6 $1 {[%mdl 512]} Qxb6 29. Qxd2 Ne4 $1 30. Qe3 Qxe3 31. fxe3 $16 {[%mdl 4096] Endgame KN-KN} Kg7 32. Kf1 Kf8 33. Ke1 Ke7 34. Kd1 (34. Nd3 $16) 34... Kd6 $11 35. Kc2 Kc5 36. b3 axb3+ 37. Kxb3 Nd2+ 38. Kc3 Nf1 39. Nh5 f5 40. Kd3 Nxh2 41. e4 fxe4+ 42. Kxe4 Ng4 43. Kf4 Nf2 44. Nf6 Kd4 45. a4 Nh3+ 46. Kg4 Ng1 $1 47. a5 (47. e3+ $14 Kxe3 48. a5) 47... Kc5 $1 {The position is equal.} 48. e3 Kb5 49. Kh5 Kxa5 50. Kxh6 {[#] Strongly threatening Kg7.} Nf3 $1 51. Ne4 Kb6 52. Ng5 Ne5 53. Kg7 f5 54. Nxe6 Ng4 55. Nd4 Nxe3 56. Kf6 {Precision: White = 66%, Black = 58%.} 1/2-1/2

[Event "17th Delhi GM Open 2019"]
[Site "Delhi"]
[Date "2019.01.11"]
[Round "4"]
[White "Khusenkhojaev, Muhammad"]
[Black "Erigaisi Arjun"]
[Result "*"]
[WhiteElo "2455"]
[BlackElo "2548"]
[Annotator "TA"]
[PlyCount "26"]
[EventDate "2019.01.09"]
[EventType "swiss"]
[EventCountry "IND"]
[SourceTitle "playchess.com"]
[Source "ChessBase"]
[SourceQuality "1"]

{[%evp 16,20,-11,-16,9,16,26]} 1. d4 Nf6 2. c4 e6 3. Nc3 Bb4 4. Qc2 O-O 5. a3 Bxc3+ 6. Qxc3 b6 7. Nf3 Bb7 8. g3 d5 9. Bg2 {LiveBook: 44 Games. E32: Nimzo-Indian: Classical (4 Qc2): 4...0-0} a5 (9... dxc4 10. Qxc4 Bd5 11. Qd3 Be4 12. Qd1 Nc6 13. O-O Qd5 14. Be3 Rad8 15. Qc1 Rd7 16. b4 Nxd4 17. Bxd4 Bxf3 18. Bxf6 Bxg2 {0-1 (63) Koneru,H (2618)-Hou,Y (2578) China 2008}) 10. O-O Nbd7 {Predecessor:} 11. Nd2 $146 c5 12. e3 Qc7 13. b3 Rac8 {½-½ (57) Mohammezadeh,P-Kroell,S Pinneberg 1994} *

[Event "17th Delhi GM Open 2019"]
[Site "Delhi"]
[Date "2019.01.11"]
[Round "4"]
[White "Lugovskoy, Maxim"]
[Black "Ganesh, Bhat R."]
[Result "1-0"]
[WhiteElo "2445"]
[BlackElo "2176"]
[Annotator "TA"]
[PlyCount "85"]
[EventDate "2019.01.09"]
[EventType "swiss"]
[EventCountry "IND"]
[SourceTitle "playchess.com"]
[Source "ChessBase"]
[SourceQuality "1"]

{[%evp 12,85,-3,-13,-15,-19,-8,-17,-17,-37,-18,-25,-25,-29,-16,-34,-26,-41,-14,-36,0,0,9,0,0,0,0,0,0,0,0,0,8,-2,43,30,18,18,95,91,116,130,106,25,35,-18,-24,-17,-25,-127,-38,-65,80,85,642,622,630,605,864,399,384,290,556,573,546,579,580,543,539,560,695,695,680,675,631,534]} 1. d4 d5 2. Nc3 Nf6 3. Bf4 c5 4. e3 cxd4 5. exd4 a6 6. Bd3 {B13: Caro-Kann: Exchange Variation and Panov-Botvinnik Attack} Nc6 7. Nge2 {LiveBook: 19 Games} e6 (7... Bg4 8. f3 Bh5 9. h4 Bg6 10. g4 e6 11. h5 Bxd3 12. Qxd3 h6 13. O-O-O {0-1 (50) Jobava,B (2646)-Nisipeanu,L (2657) Spilimbergo 2018}) 8. O-O {The position is equal.} Be7 9. a3 O-O 10. Be3 $146 ({Predecessor:} 10. Qd2 Bd7 11. Qe3 Re8 12. Qf3 Qb6 13. Be5 {1-0 (23) Salati,P-Souply,Y (1941) ICCF email 2006}) 10... b5 11. Ng3 Na5 {[%cal Bc6a5,Ba5b7,Bb7d6][%mdl 32]} 12. b3 Nb7 13. Nb1 {[%cal Bc3b1,Bb1d2,Bd2f3,Bf3e5][%mdl 32]} Nd6 14. Nd2 a5 15. Nf3 a4 16. Ne5 Qb6 17. Re1 Bb7 18. Bg5 Rfc8 19. Nh5 {Strongly threatening Bxf6.} Qd8 $1 20. Bxf6 Bxf6 21. Qg4 Rc7 22. Qg3 axb3 23. cxb3 Rac8 24. Rad1 b4 (24... Kh8 $1 $11) 25. axb4 $16 Bxe5 26. dxe5 {[%csl Gh5][%cal Rg3g7]} Ne8 27. f4 ({White should play} 27. b5 $16) 27... Rc3 $1 $11 28. Qg4 (28. Qf2 $14) 28... Qb6+ (28... Rxb3 29. f5 $17) 29. Kh1 Qxb4 30. Rf1 (30. Nf6+ $1 $11 Nxf6 31. exf6) 30... Kf8 (30... g6 $17 31. Ng3 Rxb3) 31. Qe2 Bc6 {[#]} ({But not} 31... Qxb3 $6 32. Rb1 $16) (31... Rxb3 $6 32. f5 $11) (31... g6 $15 {keeps the upper hand.} 32. Ng3 Rxb3) 32. f5 $1 $36 {[%cal Rf5e6][%mdl 2048] White is really pushing.} Bd7 $2 {[%mdl 8192]} (32... Rxd3 $16 33. Rxd3 exf5) 33. fxe6 $18 Bxe6 {[#]} 34. Nf4 $1 {[%cal Rf4e6]} Nc7 35. Bxh7 (35. Qh5 $142 Qb6 36. Qxh7) 35... Ke7 36. Qf2 ({Less strong is} 36. Nxe6 fxe6 37. Qd2 Kd7 $18) 36... Rf8 $2 {[#]} (36... Qc5 37. Qh4+ Kd7) 37. Ng6+ $1 {[%mdl 512] White is clearly winning.} Ke8 (37... fxg6 38. Qxf8+) 38. Nxf8 Kxf8 39. Bf5 {aiming for Bxe6.} Qe7 40. Bxe6 Qxe6 41. Rc1 Rxc1 42. Rxc1 Ne8 43. Qf4 {Accuracy: White = 51%, Black = 43%.} 1-0

[Event "17th Delhi GM Open 2019"]
[Site "Delhi"]
[Date "2019.01.11"]
[Round "4"]
[White "Dzhumaev, Marat"]
[Black "Bhattacharyya Soham"]
[Result "*"]
[WhiteElo "2437"]
[BlackElo "1716"]
[Annotator "TA"]
[PlyCount "25"]
[EventDate "2019.01.09"]
[EventType "swiss"]
[EventCountry "IND"]
[SourceTitle "playchess.com"]
[Source "ChessBase"]
[SourceQuality "1"]

{[%evp 8,8,-1]} 1. e4 e5 2. Nc3 Nc6 3. g3 Bc5 4. Bg2 Nge7 {Predecessor:} 5. Nge2 $146 d6 6. O-O O-O 7. d3 a6 8. Be3 Bxe3 9. fxe3 Be6 10. d4 exd4 11. exd4 d5 12. exd5 Nxd5 13. Qd2 {½-½ (13) Stevic,H (2611)-Palac,M (2623) Schwarzach 2016} *

[Event "17th Delhi GM Open 2019"]
[Site "Delhi"]
[Date "2019.01.11"]
[Round "4"]
[White "Dzhumaev, Marat"]
[Black "Bhattacharyya Soham"]
[Result "1-0"]
[WhiteElo "2437"]
[BlackElo "1716"]
[Annotator "TA"]
[PlyCount "119"]
[EventDate "2019.01.09"]
[EventType "swiss"]
[EventCountry "IND"]
[SourceTitle "playchess.com"]
[Source "ChessBase"]
[SourceQuality "1"]

{[%evp 10,119,-8,-16,0,1,11,14,19,8,16,0,113,128,118,100,93,77,69,33,23,0,0,0,0,0,51,31,31,32,31,37,45,36,75,26,72,0,70,0,32,0,29,29,28,26,26,21,44,45,71,53,103,104,97,99,94,93,138,131,125,117,189,104,96,96,345,337,491,202,155,0,504,499,501,496,484,457,624,611,587,591,669,679,1961,677,1799,1666,1970,1848,1506,1134,3006,1478,1466,1327,1378,1372,29987,29988,29988,29989,29989,29990,29990,29991,29991,29992,29992,29993,29995,29996]} 1. e4 e5 2. Nc3 Nc6 3. g3 Bc5 4. Bg2 Nge7 (4... d6 5. d3 Nge7 6. Na4 a6 7. Nxc5 dxc5 8. f4 f5 9. exf5 Bxf5 10. Nf3 e4 11. Nh4 exd3 12. Nxf5 Nxf5 13. cxd3 {½-½ (30) Mamedov,R (2709)-Fressinet,L (2662) Riadh 2017}) 5. Nf3 d6 6. Na4 {LiveBook: 5 Games. C25: Vienna Game: Alternatives to 2...Nf6} O-O 7. d3 $146 ({Predecessor:} 7. O-O Nd4 8. Nxd4 Bxd4 9. c3 Bb6 10. Nxb6 axb6 11. d4 f6 12. Qb3+ {0-1 (38) Pavasovic,D (2592)-Smeets,J (2545) Maribor 2004}) 7... a6 8. Nxc5 {The position is equal.} dxc5 9. Be3 Qd6 10. O-O Nd4 (10... f5 $11 {keeps the balance.}) 11. Nd2 $1 $16 Be6 {[#]} 12. f4 $1 f6 13. c3 Ndc6 14. Nf3 Rad8 15. Qe2 Qxd3 16. Qxd3 Rxd3 17. Bxc5 Bg4 (17... exf4 $11 18. Nd4 Nxd4 19. cxd4 Re8) 18. Rad1 $36 {[%mdl 2048] White has good play.} Rxd1 19. Rxd1 Kf7 20. Kf2 Be6 21. b3 h6 22. Ke3 Re8 23. Kf2 (23. f5 $16 Bc8 24. Nh4) 23... g5 (23... Rf8 $11) 24. fxe5 (24. f5 $14 Bc8 25. a4) 24... fxe5 25. Ke3 Ng6 26. h4 gxh4 27. Nxh4 Nxh4 28. gxh4 Bg4 29. Rf1+ Ke6 30. Rg1 Ne7 31. Bf1 h5 32. Bc4+ Kd7 33. Rf1 b5 34. Bf7 Rh8 35. Rf6 Rh7 {[#]} (35... a5 $16 36. Kd2 Nc8) 36. a4 (36. c4 $1 $18) 36... Rg7 37. a5 c6 $2 (37... Ng8 $16 38. Bxg8 Rxg8) 38. b4 $18 Ng8 (38... Kd8 $142 39. Bd6 Ng8 40. Bxe5 Ke7 41. Bxg8 (41. Rxc6 Rxf7 42. Rxa6 Rf1 $16) 41... Rxg8 42. Rxc6 Ra8) 39. Rf2 (39. Rd6+ $142 Kc7 40. Be8) 39... Ne7 40. Rf6 $2 (40. Rf1 $16) 40... Ng8 41. Rd6+ Kc7 42. Be8 Ne7 43. Rh6 Bd7 44. Bxh5 Nc8 45. Bf3 Rg1 46. h5 {[%cal Bh4h5,Bh5h6,Bh6h7][%mdl 32]} Re1+ 47. Kd2 (47. Kf2 $142 Rb1 48. Rf6) 47... Rf1 48. Ke2 Rc1 49. Rh7 Kd8 50. h6 Rxc3 51. Rg7 (51. Kf2 $142 Be8 52. Rg7 Rc2+ 53. Kg3 Rxc5 54. bxc5) 51... Rc2+ 52. Ke1 Rh2 53. h7 Be8 54. Bg4 {White mates.} Rh4 55. Bf5 Rh1+ 56. Kf2 Rh2+ 57. Ke3 Rh6 58. Bb6+ Nxb6 59. axb6 {[%cal Ba5b6,Bb6b7][%mdl 32]} c5 60. b7 {Accuracy: White = 54%, Black = 29%.} 1-0

[Event "17th Delhi GM Open 2019"]
[Site "Delhi"]
[Date "2019.01.11"]
[Round "4"]
[White "Mohammad Nubairshah Shaikh"]
[Black "Deepan Chakkravarthy J."]
[Result "*"]
[WhiteElo "2437"]
[BlackElo "2543"]
[Annotator "TA"]
[PlyCount "24"]
[EventDate "2019.01.09"]
[EventType "swiss"]
[EventCountry "IND"]
[SourceTitle "playchess.com"]
[Source "ChessBase"]
[SourceQuality "1"]

{[%evp 14,15,60,49]} 1. c4 Nf6 2. Nc3 d5 3. d4 g6 4. Nf3 Bg7 5. h4 (5. Qb3 dxc4 6. Qxc4 O-O 7. e4 Nc6 8. Be2 e5 9. d5 Nd4 10. Nxd4 exd4 11. Qxd4 c6 12. Qc4 b5 13. Qxc6 Bd7 14. Qd6 Re8 15. Bg5 b4 16. Qxb4 Nxd5 17. Nxd5 Qxg5 {½-½ (33) Vidit,S (2711)-Vachier Lagrave,M (2780) chess.com INT 2018}) 5... dxc4 6. e4 {D90: Grünfeld: 4 Nf3 Bg7 sidelines} Bg4 7. Bxc4 O-O 8. Be3 {LiveBook: 4 Games} {Predecessor:} Nfd7 $146 9. Qd2 Nb6 10. Bb3 Nc6 11. Nd5 Bxf3 12. gxf3 e5 {½-½ (70) Froewis,G (2423)-Schreiner,P (2471) Aschach 2013} *

[Event "17th Delhi GM Open 2019"]
[Site "Delhi"]
[Date "2019.01.11"]
[Round "4"]
[White "Mohammad Nubairshah Shaikh"]
[Black "Deepan Chakkravarthy J."]
[Result "1/2-1/2"]
[WhiteElo "2437"]
[BlackElo "2543"]
[Annotator "TA"]
[PlyCount "94"]
[EventDate "2019.01.09"]
[EventType "swiss"]
[EventCountry "IND"]
[SourceTitle "playchess.com"]
[Source "ChessBase"]
[SourceQuality "1"]

{[%evp 14,94,54,47,69,56,50,34,37,42,83,0,0,0,11,0,0,-51,-2,0,-6,-8,0,-5,0,-51,-41,-49,-54,-70,-70,-76,-81,-84,-52,-103,-91,-160,-55,-394,-389,-350,0,0,0,-4,-3,-21,-20,-20,-18,-18,-18,-18,-7,-7,-7,-7,0,0,0,0,0,0,0,0,0,0,0,0,0,0,0,0,0,0,0,0,0,0,0,0,0]} 1. c4 Nf6 2. Nc3 d5 3. d4 g6 4. Nf3 Bg7 5. h4 (5. Qb3 dxc4 6. Qxc4 O-O 7. e4 Nc6 8. Be2 e5 9. d5 Nd4 10. Nxd4 exd4 11. Qxd4 c6 12. Qc4 b5 13. Qxc6 Bd7 14. Qd6 Re8 15. Bg5 b4 16. Qxb4 Nxd5 17. Nxd5 Qxg5 {½-½ (33) Vidit,S (2711)-Vachier Lagrave,M (2780) chess.com INT 2018}) 5... dxc4 6. e4 {D90: Grünfeld: 4 Nf3 Bg7 sidelines} Bg4 7. Bxc4 O-O 8. Be3 {LiveBook: 4 Games. White is slightly better.} Nbd7 $146 ({Predecessor:} 8... Nfd7 9. Qd2 Nb6 10. Bb3 Nc6 11. Nd5 Bxf3 12. gxf3 e5 {½-½ (70) Froewis,G (2423)-Schreiner,P (2471) Aschach 2013}) 9. Qb3 {Hoping for Ng5.} Nb6 10. Be2 c6 11. O-O e5 12. Rfd1 ({Much weaker is} 12. Nxe5 Bxe2 13. Nxe2 Nxe4 $11) (12. dxe5 $16 Nfd7 13. Ng5 Nxe5 14. Bc5) 12... exd4 $11 13. Nxd4 Bxe2 14. Ndxe2 Qe7 15. a4 (15. f3 $11) 15... Nxe4 16. a5 Nd5 17. Nxd5 cxd5 18. Rxd5 Qxh4 19. Ra4 (19. Qb4 $11) 19... Qe7 $1 $15 20. Rb4 {[#]} b6 $1 {[%mdl 512]} 21. axb6 axb6 22. Rxb6 Nf6 23. Rd1 {[#]} Ng4 $1 {aiming for ...Bh6.} 24. Nf4 ({White should play} 24. Rb7 $15 Qe5 25. Ng3) 24... Rae8 $17 {...Qh4 is the strong threat.} 25. Rd3 (25. g3 $142) 25... Qc7 (25... Bh6 $17 26. Rb4 Bxf4 27. Rxf4 Qh4 28. Rxg4 Qxg4) 26. Rb4 $2 {[%mdl 8192] [#]} (26. g3 $1 $15) 26... g5 $1 $19 {[%cal Rg5f4]} 27. Rc4 Qe5 $2 (27... Qa5 $19 {[%cal Ra5e1]} 28. Qb4 Qxb4 29. Rxb4 gxf4 30. Rxf4 Nxe3 31. Rxe3 Rxe3 32. fxe3 Bxb2 33. Rg4+ Kh8) 28. Rd5 $11 {The position is equal.} Qe7 29. Nh5 $132 {[%mdl 2048] White has counterplay} Nxe3 30. Qxe3 Qxe3 31. fxe3 h6 32. Nxg7 Kxg7 {[%mdl 4096] Endgame KRR-KRR} 33. Kf2 Re6 34. b4 {[%cal Bb2b4,Bb4b5,Bb5b6,Bb6c7][%mdl 32]} Ra8 {White should prevent ...Ra2+.} 35. Rd2 Ra3 36. Rb2 Rexe3 37. b5 Re7 38. b6 {And now b7 would win.} Ra8 39. Rc7 (39. g4 {with more complications.} Rb7 40. Ke3 Re8+ 41. Kd4 Rd8+ 42. Kc5) 39... Rxc7 40. bxc7 {Strongly threatening Rb8. KR-KR} Rc8 41. Rc2 Kf6 42. Kf3 Ke5 43. Kg4 Kd6 44. Kh5 Rxc7 45. Rxc7 Kxc7 46. Kxh6 g4 47. Kg5 Kd6 {Accuracy: White = 60%, Black = 66%.} 1/2-1/2

[Event "17th Delhi GM Open 2019"]
[Site "Delhi"]
[Date "2019.01.11"]
[Round "4"]
[White "Czebe, Attila"]
[Black "Ghaem Maghami, Ehsan"]
[Result "*"]
[WhiteElo "2418"]
[BlackElo "2533"]
[Annotator "TA"]
[PlyCount "36"]
[EventDate "2019.01.09"]
[EventType "swiss"]
[EventCountry "IND"]
[SourceTitle "playchess.com"]
[Source "ChessBase"]
[SourceQuality "1"]

{[%evp 5,5,8]} 1. Nf3 c5 2. c4 Nc6 3. e3 {Predecessor:} Nf6 $146 4. Nc3 e6 5. d4 d5 6. cxd5 exd5 7. Bb5 Bd6 8. dxc5 Bxc5 9. O-O O-O 10. Ne2 Bg4 11. Bxc6 bxc6 12. Qc2 Qd6 13. Ng3 Bb6 14. Nd4 c5 15. Ndf5 Qe6 16. b3 Ne4 17. f3 Bxf5 18. fxe4 Bxe4 {0-1 (54) Ponkratov,P (2628)-Alekseev,E (2620) Sochi 2018} *

[Event "17th Delhi GM Open 2019"]
[Site "Delhi"]
[Date "2019.01.11"]
[Round "4"]
[White "Czebe, Attila"]
[Black "Ghaem Maghami, Ehsan"]
[Result "0-1"]
[WhiteElo "2418"]
[BlackElo "2533"]
[Annotator "TA"]
[PlyCount "102"]
[EventDate "2019.01.09"]
[EventType "swiss"]
[EventCountry "IND"]
[SourceTitle "playchess.com"]
[Source "ChessBase"]
[SourceQuality "1"]

{[%evp 19,102,20,30,5,31,-4,-3,-15,25,8,18,0,33,26,37,35,35,33,52,9,29,11,34,-15,-6,-32,-33,-44,-15,-69,-21,-16,-14,-31,-19,-75,-31,-34,-33,-32,-32,-39,0,-31,0,-36,-31,-57,-41,-63,-56,-68,-51,-42,-39,-66,-55,-55,-54,-129,-123,-129,-137,-142,-118,-141,-152,-145,-144,-127,-65,-65,-35,-60,-13,-80,-80,-604,-603,-11396,-12384,-10160,-7501,-29984,-29985]} 1. Nf3 c5 2. c4 Nc6 3. e3 Nf6 4. Nc3 e5 5. d4 e4 6. Ne5 cxd4 7. exd4 Bb4 8. Be2 Qa5 9. Nxc6 dxc6 10. Bd2 {A34: Symmetrical English: 2 Nc3, lines with ...d5} O-O {LiveBook: 28 Games} 11. a3 (11. O-O Re8 12. a3 Bxc3 13. Bxc3 Qg5 14. Qc1 e3 15. fxe3 Bg4 16. Bf3 Qxe3+ 17. Qxe3 Rxe3 18. Bxg4 Nxg4 {½-½ (34) Grischuk,A (2752)-Dominguez Perez,L (2712) Beijing 2011}) 11... Bxc3 12. Bxc3 $146 {White is slightly better.} ({Predecessor:} 12. bxc3 b6 13. O-O Re8 14. Re1 h5 15. h3 Re7 16. Qc1 Ba6 17. Bg5 Re6 {1-0 (41) Duric,S (2257)-Lentz,S Eupen 2003}) 12... Qg5 13. Qd2 $1 {[%cal Rd2g5]} Qxd2+ 14. Kxd2 Re8 15. Ke3 Bg4 16. Rhd1 Rac8 17. Rac1 Bxe2 18. Kxe2 Nd7 19. Ke3 f6 20. Kf4 Nf8 21. Re1 Ng6+ 22. Kg4 h5+ 23. Kg3 Kf7 24. f3 (24. Rcd1 $11) 24... exf3 25. Kxf3 Nh4+ 26. Kf2 Nf5 27. a4 (27. Kf3 $11) 27... Red8 28. Rcd1 Rd7 29. b3 Rcd8 {[%cal Rf5d4]} 30. Re4 $1 b6 31. g3 a6 32. h3 b5 33. axb5 axb5 34. cxb5 cxb5 35. g4 hxg4 36. hxg4 Ne7 37. g5 fxg5 38. Re5 Rd5 39. Rxd5 ({White should try} 39. Rde1 $15 Nc6 40. Rxd5 Rxd5 41. Ke3) 39... Nxd5 $15 {[%mdl 4096] Endgame KRB-KRN} 40. Bd2 Nf6 41. Ba5 Rd5 42. Ke2 Ke6 43. Bc7 {[#]} Rf5 $1 44. Be5 Ng4 (44... Kd5 $17 45. Rc1 g4) 45. Bxg7 Rf2+ 46. Ke1 Kd5 {next ...Rf7 is good for Black.} 47. Rc1 (47. Rd2 $1 $11 {keeps the balance.} Rf7 48. Rg2) 47... Ke4 $17 {Hoping for ...Rh2.} 48. Rc5 $2 {[%mdl 8192]} (48. d5 $17) 48... Rg2 $19 {[#] ( -> ...Kd3)} 49. Rxg5 Kd3 {[%cal Rg2g1]} 50. Rxg4 Rxg4 51. Bf6 Re4+ {Accuracy: White = 29%, Black = 48%.} 0-1

[Event "17th Delhi GM Open 2019"]
[Site "Delhi"]
[Date "2019.01.11"]
[Round "4"]
[White "Vardaan Nagpal"]
[Black "Popov, Ivan"]
[Result "0-1"]
[WhiteElo "2387"]
[BlackElo "2588"]
[Annotator "TA"]
[PlyCount "110"]
[EventDate "2019.01.09"]
[EventType "swiss"]
[EventCountry "IND"]
[SourceTitle "playchess.com"]
[Source "ChessBase"]
[SourceQuality "1"]

{[%evp 15,110,24,22,-20,-16,-52,-52,-49,-50,-33,-32,-35,-25,-25,-14,-86,-92,-89,-83,-85,-76,-87,-47,-61,-52,-55,-47,-87,-59,-62,-54,-97,-102,-109,-116,-104,-100,-97,-91,-105,-72,-106,-68,-91,-56,-132,-96,-145,-132,-132,-132,-137,-132,-135,-132,-132,-132,-132,-132,-132,-132,-132,-132,-132,-132,-132,-122,-120,-118,-123,-125,-127,-120,-111,-110,-275,-275,-254,-204,-275,-268,-268,-268,-368,-375,-349,-334,-1006,-1006,-29973,-29974,-29971,-29972,-29956,-6414,-29976,-29975]} 1. Nf3 e6 2. d4 c5 3. g3 cxd4 4. Nxd4 Nc6 5. Bg2 Qb6 6. Nb3 d5 7. O-O Nf6 8. Nc3 Bb4 {LiveBook: 13 Games. A46: 1 d4 Nf6 2 Nf3 e6: Torre, London and Colle Systems} 9. Bd2 O-O 10. e4 Bxc3 $1 {Black is slightly better.} 11. Bxc3 Nxe4 12. Bxe4 dxe4 13. Qg4 {[%csl Gc3][%cal Rg4g7] [#]} e5 14. Qxe4 Be6 $146 15. Qe3 ({Avoid the trap} 15. Bxe5 $2 Bxb3 16. Bxg7 Kxg7 $17) (15. Na5 $11) 15... Qxe3 $17 16. fxe3 b6 17. Rfd1 Rfd8 18. Kf2 Bf5 (18... f6 {with more complications.} 19. a4 a5 20. e4 Rac8 21. Ke3 Kf7) 19. Rxd8+ Rxd8 20. Rc1 f6 21. a3 Ne7 22. Be1 Rc8 23. Na1 Kf7 24. Kf3 Rc4 25. b3 Be4+ 26. Ke2 Rc7 27. c4 Rd7 28. Rc3 a5 29. Nc2 g5 {[%cal Bg7g5,Bg5g4][%mdl 32]} 30. Bd2 (30. a4 $15) 30... g4 31. b4 a4 32. b5 Nf5 33. c5 bxc5 34. Rxc5 Nd6 35. b6 {[#]} Nc4 $1 {[%mdl 512]} 36. Rc7 (36. Rxc4 Bd3+) 36... Nxb6 37. Rxd7+ Nxd7 {[%mdl 4096] Endgame KBN-KBN} 38. Nb4 Nc5 39. Na2 Bf3+ 40. Kf1 Bc6 41. Bb4 Ne4 42. Nc3 Nd2+ 43. Kg1 Nf3+ 44. Kg2 h5 45. h4 $2 (45. Bd6 $17) 45... Nxh4+ $1 $19 46. Kf2 Nf3 47. Nb1 h4 48. gxh4 Nxh4 49. Nd2 f5 {[%cal Bf6f5,Bf5e4][%mdl 32]} 50. Kg3 Ng6 51. e4 $2 (51. Bd6) 51... Bxe4 52. Nxe4 fxe4 53. Kxg4 Ke6 54. Kg3 Kd5 55. Kf2 Kd4 {Accuracy: White = 35%, Black = 83%.} 0-1

[Event "17th Delhi GM Open 2019"]
[Site "Delhi"]
[Date "2019.01.11"]
[Round "4"]
[White "Vardaan Nagpal"]
[Black "Popov, Ivan"]
[Result "*"]
[WhiteElo "2387"]
[BlackElo "2588"]
[Annotator "TA"]
[PlyCount "32"]
[EventDate "2019.01.09"]
[EventType "swiss"]
[EventCountry "IND"]
[SourceTitle "playchess.com"]
[Source "ChessBase"]
[SourceQuality "1"]

{[%evp 13,14,15,18]} 1. Nf3 e6 2. d4 c5 3. g3 cxd4 4. Nxd4 Nc6 5. Bg2 Qb6 6. Nb3 d5 7. O-O Nf6 {LiveBook: 153 Games} {Predecessor:} 8. Be3 $146 Qd8 9. c4 dxc4 10. Qxd8+ Kxd8 11. Rd1+ Nd5 12. Bxd5 exd5 13. Rxd5+ Ke8 14. Nd4 Nxd4 15. Rxd4 Be6 16. Re4 Bb4 {½-½ (42) Burmakin,V (2590)-Forcen Esteban,D (2535) Benasque 2014} *